000 00337nam a2200133Ia 4500
100 _aInternational Labour Organisation
942 _cBK
654 _aHow to read a balance sheet
245 _aHow to read a balance sheet
260 _bInternational Labour Office
_aGENEVA
_c1971
082 _a657.3
300 _a124
546 _aENGLISH
999 _c24083
_d24083